Markov Processes for Stochastic Modeling, 2nd Edition /

Markov processes are processes that have limited memory. In particular, their dependence on the past is only through the previous state. They are used to model the behavior of many systems including communications systems, transportation networks, image segmentation and analysis, biological systems...

Full description

Bibliographic Details
Main Author: Ibe, Oliver (Author)
Corporate Author: Safari, an O'Reilly Media Company
Format: eBook
Language:English
Published: Elsevier, 2013.
Edition:2nd edition.
Subjects:
Online Access:Connect to this electronic resource

MARC

Tag First Indicator Second Indicator Subfields
LEADER 00000uam a2200000 a 4500
001 in00004256513
005 20260122212454.2
006 m o d
007 cr cn
008 291013s2013 xx o eng
020 |z 9780124078390 
020 |z 9780124077959 
035 |a (CaSebORM)9780124077959 
040 |d UtOrBLW 
041 0 |a eng 
100 1 |a Ibe, Oliver,  |e author. 
245 1 0 |a Markov Processes for Stochastic Modeling, 2nd Edition /  |c Ibe, Oliver. 
250 |a 2nd edition. 
264 1 |b Elsevier,  |c 2013. 
300 |a 1 online resource (514 pages) 
336 |a text  |b txt  |2 rdacontent 
337 |a computer  |b c  |2 rdamedia 
338 |a online resource  |b cr  |2 rdacarrier 
347 |a text file 
520 |a Markov processes are processes that have limited memory. In particular, their dependence on the past is only through the previous state. They are used to model the behavior of many systems including communications systems, transportation networks, image segmentation and analysis, biological systems and DNA sequence analysis, random atomic motion and diffusion in physics, social mobility, population studies, epidemiology, animal and insect migration, queueing systems, resource management, dams, financial engineering, actuarial science, and decision systems. Covering a wide range of  areas of application of Markov processes, this second edition is revised to highlight the most important aspects as well as the most recent trends and applications of Markov processes. The author spent over 16 years in the industry before returning to academia, and he has applied many of the principles covered in this book in multiple research projects. Therefore, this is an applications-oriented book that also includes enough theory to provide a solid ground in the subject for the reader. Presents both the theory and applications of the different aspects of Markov processes Includes numerous solved examples as well as detailed diagrams that make it easier to understand the principle being presented Discusses different applications of hidden Markov models, such as DNA sequence analysis and speech analysis. 
533 |a Electronic reproduction.  |b Boston, MA :  |c Safari,  |n Available via World Wide Web.  |d 2013. 
538 |a Mode of access: World Wide Web. 
542 |f Copyright Elsevier Science & Technology  |g 2013 
588 |a Online resource; Title from title page (viewed May 22, 2013) 
500 |a Electronic resource. 
655 7 |a Electronic books.  |2 local 
710 2 |a Safari, an O'Reilly Media Company. 
856 4 0 |u https://proxy.library.tamu.edu/login?url=https://go.oreilly.com/TAMU/library/view/-/9780124077959/?ar  |z Connect to this electronic resource  |t 0 
999 f f |s e9154b52-37c1-3d23-b528-2d1ba3d5976e  |i 263b8f0d-916b-3eaa-9af5-e41cb9c2ef6c  |t 0 
952 f f |a Texas A&M University  |b College Station  |c Electronic Resources  |s www_evans  |d Available Online  |t 0  |h No information provided 
998 f f |t 0  |l Available Online